书目信息 |
| 题名: |
正在消失的报纸
|
|
| 作者: | 迈耶 著 ;张卫平 译 | |
| 分册: | ||
| 出版信息: | 北京 新华出版社 2007 |
|
| 页数: | 268页 | |
| 开本: | 24cm | |
| 丛书名: | 西方新闻传播学经典文库 | |
| 单 册: | ||
| 中图分类: | G216 | |
| 科图分类: | ||
| 主题词: | 报纸--新闻工作--研究 , 报纸 , 新闻工作 | |
| 电子资源: | ||
| ISBN: | 978-7-5011-8081-3 | |
| 000 | 01440oam2 2200313 450 | |
| 001 | 003646733 | |
| 005 | 20091207095602.25 | |
| 010 | @a978-7-5011-8081-3@dCNY33.00 | |
| 100 | @a20070104d2007 em y0chiy0110 ea | |
| 101 | 1 | @achi@ceng |
| 102 | @aCN@b110000 | |
| 105 | @ay z 000yy | |
| 106 | @ar | |
| 200 | 1 | @a正在消失的报纸@9zheng zai xiao shi de bao zhi@e如何拯救信息时代的新闻业@dThe vanishing newspaper@esaving journalism in the information age@f(美)菲利普·迈耶(Philip Meyer)著@g张卫平译@zeng |
| 210 | @a北京@c新华出版社@d2007 | |
| 215 | @a268页@d24cm | |
| 225 | 2 | @a西方新闻传播学经典文库 |
| 330 | @a在本书中作者提供了一种看待报业公司的新模型,提出保存和稳定报业社会责任功能的商业模式——“影响力模式”:报纸的主要产品不是新闻或信息,而是不以销售为导向的社会影响力和以销售为导向的商业影响力;描述了过去使报业运作的各种因素,并通过有关新闻产品质量对商业成功的影响效应方面的数据,探讨了如何利用社会影响力来提升商业价值的途径。 | |
| 461 | 0 | @12001 @a西方新闻传播学经典文库 |
| 510 | 1 | @aVanishing newspaper@esaving journalism in the information age@zeng |
| 517 | 1 | @a如何拯救信息时代的新闻业@9ru he zheng jiu xin xi shi dai de xin wen ye |
| 606 | 0 | @a报纸@x新闻工作@x研究 |
| 606 | 0 | @a报纸 |
| 606 | 0 | @a新闻工作 |
| 690 | @aG216@v4 | |
| 701 | 0 | @c(美)@a迈耶@9mai ye@c(新闻学,Meyer, Philip)@4著 |
| 702 | 0 | @a张卫平@9zhang wei ping@c(英语)@4译 |
| 801 | 0 | @aCN@bNLC@c20091207 |
| 905 | @b20796810-14@dG216@e320@f5 | |
| 正在消失的报纸:如何拯救信息时代的新闻业=The vanishing newspaper:saving journalism in the information age/(美)菲利普·迈耶(Philip Meyer)著/张卫平译.-北京:新华出版社,2007 |
| 268页;24cm.-(西方新闻传播学经典文库) |
| ISBN 978-7-5011-8081-3:CNY33.00 |
| 在本书中作者提供了一种看待报业公司的新模型,提出保存和稳定报业社会责任功能的商业模式——“影响力模式”:报纸的主要产品不是新闻或信息,而是不以销售为导向的社会影响力和以销售为导向的商业影响力;描述了过去使报业运作的各种因素,并通过有关新闻产品质量对商业成功的影响效应方面的数据,探讨了如何利用社会影响力来提升商业价值的途径。 |
| ● |
| 相关链接 |
|
|
|
|
正题名:正在消失的报纸
索取号:G216/320
 
预约/预借
| 序号 | 登录号 | 条形码 | 馆藏地/架位号 | 状态 | 备注 |
| 1 | 796810 | 207968109 | 第一样本阅览室/ [索取号:G216/320] | 在馆 | |
| 2 | 796811 | 207968118 | 第四借阅区/ [索取号:G216/320] | 在馆 | |
| 3 | 796812 | 207968127 | 第四借阅区/ [索取号:G216/320] | 在馆 | |
| 4 | 796813 | 207968136 | 第四借阅区/ [索取号:G216/320] | 在馆 | |
| 5 | 796814 | 207968145 | 密集书库-文学院/ [索取号:G216/320] | 在馆 |